书目信息 |
| 题名: |
煤矿工程地质学
|
|
| 作者: | 隋旺华 主编 | |
| 分册: | ||
| 出版信息: | 北京 煤炭工业出版社 2017 |
|
| 页数: | 227页 | |
| 开本: | 26cm | |
| 丛书名: | ||
| 单 册: | ||
| 中图分类: | TD1 | |
| 科图分类: | ||
| 主题词: | 煤矿--矿山地质--高等学校--教材 | |
| 电子资源: | ||
| ISBN: | 978-7-5020-4902-7 | |
| 000 | 01021nam0 2200229 450 | |
| 001 | 1210 | |
| 005 | 20180927154409.31 | |
| 010 | @a978-7-5020-4902-7@dCNY30.00 | |
| 100 | @a20170427d2017 em y0chiy50 ea | |
| 101 | 0 | @achi |
| 102 | @aCN@b110000 | |
| 105 | @aa z 000yy | |
| 200 | 1 | @a煤矿工程地质学@9mei kuang gong cheng di zhi xue@f隋旺华主编 |
| 210 | @a北京@c煤炭工业出版社@d2017 | |
| 215 | @a227页@c图@d26cm | |
| 300 | @a普通高等教育“十三五”规划教材 | |
| 330 | @a本书首先介绍了煤矿工程建设所涉及的岩土体的性质及其赋存的地质环境、煤矿工程模型、煤矿工程地质勘查;然后,根据煤矿工程的特点,分别介绍了煤矿井筒、巷道、采场和开采岩层移动工程地质问题分析、露天煤矿边坡稳定性工程地质分析、煤矿特殊建筑地基稳定性问题、煤矿老采空区建筑利用及闭坑的工程地质问题分析研究;最后,简要介绍了煤矿区和煤矿的主要工程地质灾害的种类、危险性评估和主要防治措施。 | |
| 606 | 0 | @a煤矿@x矿山地质@x高等学校@j教材 |
| 690 | @aTD1@v5 | |
| 701 | 0 | @a隋旺华@9sui wang hua@4主编 |
| 801 | 0 | @aCN@b91MARC@c20170427 |
| 905 | @aMuseLib@dTD1@e47 | |
| 煤矿工程地质学/隋旺华主编.-北京:煤炭工业出版社,2017 |
| 227页:图;26cm |
| 普通高等教育“十三五”规划教材 |
| ISBN 978-7-5020-4902-7:CNY30.00 |
| 本书首先介绍了煤矿工程建设所涉及的岩土体的性质及其赋存的地质环境、煤矿工程模型、煤矿工程地质勘查;然后,根据煤矿工程的特点,分别介绍了煤矿井筒、巷道、采场和开采岩层移动工程地质问题分析、露天煤矿边坡稳定性工程地质分析、煤矿特殊建筑地基稳定性问题、煤矿老采空区建筑利用及闭坑的工程地质问题分析研究;最后,简要介绍了煤矿区和煤矿的主要工程地质灾害的种类、危险性评估和主要防治措施。 |
| ● |
| 相关链接 |
|
|
|
|
正题名:煤矿工程地质学
索取号:TD1/47
 
预约/预借
| 序号 | 登录号 | 条形码 | 馆藏地/架位号 | 状态 | 备注 |
| 1 | 1121704 | 211217048 | 第二样本阅览室/ [索取号:TD1/47] | 在馆 | |
| 2 | 1121705 | 211217057 | 第三借阅区/ [索取号:TD1/47] | 在馆 | |
| 3 | 1121706 | 211217066 | 第三借阅区/ [索取号:TD1/47] | 在馆 | |
| 4 | 1121707 | 211217075 | 第三借阅区/ [索取号:TD1/47] | 在馆 | |
| 5 | 1121708 | 211217084 | 密集书库-资源管理系/ [索取号:TD1/47] | 在馆 |